00738nam a22001815i 4500001000700000003000900007005001700016008004100033080001100074100002800085245005700113260005900170300002100229651002100250852009500271852009500366852009500461161933ES-MaACL20230906212404.0940301s1871 sp |||| | spa d a94(37)1 aPerier, Carlos María.10aRoma y el catolicismo / cpor Carlos María Perier. aMadrid : b[s.n.], c1871 (fImp. de Gabriel Alhambra) a40 p. ; c20 cm. 4aRoma-xHistoria.4 aES-MaACLjT-123-F-3 z- Enc. hol., falto de cub. original z- Enc. en un vol. facticio4 aES-MaACLjT-147-F-8 z- Enc. hol., falto de cub. original z- Enc. en un vol. facticio4 aES-MaACLjT-160-F-12 z- Enc. hol., falto de cub. originalz- Enc. en un vol. facticio